000 00624nam a2200193 a 4500
001 000026181
005 20200930024354.0
008 110223s2002 sp a r 000 | spa d
040 _aDO-SdBNP
_bspa
_cBNPHU
082 _aNNN
_bA775
100 1 _aArrieta Vilá, Rubén
_953189
245 1 0 _a1898, desde todas las trincheras /
_cRubén Arrieta Vilá.
260 _aSan Juan, Puerto Rico :
_bPlaza Mayor,
_c2002.
300 _a299 p. :
_bil. ;
_c26 cm.
490 1 _aBiblioteca de Autores de Puerto Rico.
700 1 _aPacheco, León,
_epról.
_953188
830 0 _aBiblioteca de Autores de Puerto Rico.
_99722
049 _aBNGR
999 _c25673
_d25673